[Event "Titled Tuesday intern op 01st June"]
[Site "Chess.com INT"]
[Date "2021.06.01"]
[Round "9"]
[White "Erdogdu, Mert"]
[Black "Blit, Jacques"]
[Result "0-1"]
[WhiteElo "2396"]
[BlackElo "2331"]
[PlyCount "80"]
[EventDate "2021.06.01"]
[EventType "swiss (blitz)"]
[EventRounds "11"]
[EventCountry "USA"]
[SourceTitle "CBM 202 Extra"]
[Source "ChessBase"]
[SourceDate "2021.07.31"]
[SourceVersion "1"]
[SourceVersionDate "2021.07.31"]
[SourceQuality "1"]

1. e4 c5 2. Nf3 a6 3. c3 d5 4. exd5 Qxd5 5. d4 g6 6. Be3 cxd4 7. cxd4 Bg7 8. Nc3 Qd8 9. Qb3 Nf6 10. Be2 0-0 11. d5 Ng4 12. Bb6 Qd6 13. h3 Nd7 14. Ba5 Nxf2 15. Bb4 Qg3 16. 0-0 Nxh3+ 17. Kh1 Nf4 18. Rg1 Bxc3 19. Qxc3 Nxe2 20. Qe3 Nxg1 21. Kxg1 Re8 22. Bc3 f6 23. Qh6 Ne5 24. Nxe5 fxe5 25. Re1 Qf4 26. Qh1 Rf8 27. d6 Qf2+ 28. Kh2 Qh4+ 29. Kg1 Qxh1+ 30. Kxh1 exd6 31. Bb4 Rd8 32. Rd1 Be6 33. Bxd6 Rd7 34. Rd2 Rad8 35. Bxe5 Rxd2 36. Kh2 R8d3 37. a4 Bd5 38. Bc3 Rxg2+ 39. Kh1 Rd1+ 40. Be1 Rxe1# 0-1

[Event "Titled Tuesday intern op 01st June"]
[Site "Chess.com INT"]
[Date "2021.06.01"]
[Round "2"]
[White "Vazquez, Guillermo"]
[Black "Blit, Jacques"]
[Result "1-0"]
[WhiteElo "2527"]
[BlackElo "2331"]
[PlyCount "53"]
[EventDate "2021.06.01"]
[EventType "swiss (blitz)"]
[EventRounds "11"]
[EventCountry "USA"]
[SourceTitle "CBM 202 Extra"]
[Source "ChessBase"]
[SourceDate "2021.07.31"]
[SourceVersion "1"]
[SourceVersionDate "2021.07.31"]
[SourceQuality "1"]

1. e4 c5 2. Nf3 a6 3. g3 Nc6 4. Bg2 e5 5. 0-0 g6 6. c3 Bg7 7. d4 exd4 8. cxd4 cxd4 9. Re1 Nge7 10. Nbd2 0-0 11. Nb3 d5 12. e5 Nf5 13. Bf4 Re8 14. Rc1 h6 15. h4 a5 16. Qd2 a4 17. Nbxd4 Nfxd4 18. Nxd4 Nxe5 19. Bxh6 Nc4 20. Qf4 Be5 21. Rxe5 Nxe5 22. Rd1 f6 23. Nb5 Nf7 24. Bxd5 Be6 25. Nc7 Bxd5 26. Rxd5 Qe7 27. Nxe8 1-0